000 01249nam a2200397 a 4500
001 vtls000196258
003 NLI
005 20250108135052.0
008 101125s1897 enk g 000 1 eng
020 _cRs. 3.00
020 _a9788187288876 (cop.3)
_cRs.189.00 (cop.3)
039 9 _a201803221533
_bkrishanuc
_c201712051450
_datanum
_c201709201207
_dkrishanuc
_c201709141530
_dbishnupadad
040 0 _aNLI
_beng
_cVERGIS-2010
_eAACR2
041 0 _aeng
044 _aenk
082 0 4 _a823.7
_222
100 1 _aAusten, Jane,
_d1775-1817
_9262823
245 1 0 _aEmma /
_cJane Austen
260 _aLondon :
_bMacmillan,
_bAirmont,
_c1897, 1966
300 _aviii, 373 p. ;
_c15 cm.
650 0 _aEnglish fiction
_9103
887 _aBishnu krishanu
887 _aBahailu (Int)
901 _a324642 :
_b22.12.1958
901 _aDB165985 (cop.2) .- Scholastic, 2017 :
_b06.07.2017
901 _aDB153966 (cop.3) .- Mumbai : Wilco Publishing House, 2009.-473 p.; 19 cm.-Classic library; 37 :
_b12.05.2015
902 _aE 823.7 Au 74 cl
904 _aBishnu
904 _aAtanu Mitra
905 _akrishanu
942 _2ddc
_cBKS
949 _6PUR000324642ENG
949 _6DBA000165985ENG
949 _6DBA000153966ENG
999 _c200072
_d200072